Statistiques concernant Logo foot Grande-Bretagne

Cliquez ici pour prendre le quiz!

Statistiques générales

  • Ce quiz a été pris 145 fois
  • Le résultat moyen est 9 sur 10

Statistiques - réponses

Réponse% Correct
Arsenal
100%
Manchester united
99%
Chelsea
98%
Celtic Glasgow
95%
Everton
91%
Brighton
87%
Crystal palace
83%
Glasgow Rangers
75%
Brentford
73%
Watford
72%

Distribution des résultats

Percentile par nombre de réponses

% des personnes avec chaque résultat

Votre développement - résultats

Vous n’avez pas pris ce quiz